[Event "European Senior Team Championship 2021"]
[Site "Don Giovanni hotel, Vinohradska 2733, Prague, Czech Republic"]
[Date "2021.09.02"]
[Round "4"]
[Board "4"]
[White "Sunkova, Marie"]
[Black "Geibel, Henning"]
[Result "1-0"]
[WhiteElo "1813"]
[BlackElo "1446"]
[PlyCount "0"]
[EventDate "2021.08.30"]
[EventType "team"]
[EventRounds "9"]
[EventCountry "ECX"]
[WhiteTeam "CZECH REPUBLIC WOMEN"]
[BlackTeam "GERMAN NORTH TEAM"]

1. d4 {[%clk 1:30:55]} d5 {[%clk 1:30:48]} 2. c4 {[%clk 1:31:16]} e6
{[%clk 1:31:07]} 3. Nc3 {[%clk 1:31:28]} Nf6 {[%clk 1:30:38]} 4. Bg5
{[%clk 1:31:08]} Be7 {[%clk 1:30:21]} 5. Nf3 {[%clk 1:31:05]} Ne4
{[%clk 1:30:11]} 6. Bxe7 {[%clk 1:28:09]} Qxe7 {[%clk 1:30:29]} 7. e3
{[%clk 1:25:34]} Nxc3 {[%clk 1:30:23]} 8. bxc3 {[%clk 1:25:54]} O-O
{[%clk 1:30:16]} 9. Bd3 {[%clk 1:24:40]} dxc4 10. Bxc4 c6 {[%clk 1:27:05]} 11.
O-O {[%clk 1:22:22]} b5 {[%clk 1:26:32]} 12. Bd3 {[%clk 1:21:20]} h6
{[%clk 1:25:11]} 13. Bc2 {[%clk 1:15:18]} Ba6 {[%clk 1:22:53]} 14. Re1
{[%clk 1:13:08]} b4 {[%clk 1:22:42]} 15. Qd2 {[%clk 1:09:48]} bxc3 16. Qxc3
{[%clk 1:10:07]} Rc8 {[%clk 1:18:23]} 17. Rab1 {[%clk 1:02:56]} Nd7
{[%clk 1:17:04]} 18. Be4 {[%clk 0:58:32]} Qd6 {[%clk 1:15:05]} 19. Rb2
{[%clk 0:53:29]} Nb6 {[%clk 1:13:40]} 20. Rc2 {[%clk 0:43:28]} Nd5
{[%clk 1:12:04]} 21. Qc5 {[%clk 0:41:11]} Qxc5 {[%clk 1:11:51]} 22. Rxc5
{[%clk 0:41:30]} f5 {[%clk 1:10:28]} 23. Bc2 {[%clk 0:38:29]} Nb4
{[%clk 1:10:09]} 24. a3 {[%clk 0:38:10]} Nd5 {[%clk 1:08:36]} 25. g3
{[%clk 0:35:34]} Rab8 {[%clk 1:08:29]} 26. Rb1 {[%clk 0:34:47]} Rxb1+
{[%clk 1:08:31]} 27. Bxb1 {[%clk 0:35:08]} Ne7 {[%clk 1:07:31]} 28. Ne5
{[%clk 0:35:09]} Rb8 {[%clk 1:07:14]} 29. Ba2 {[%clk 0:34:07]} Nd5
{[%clk 1:06:41]} 30. Rxc6 {[%clk 0:31:10]} Rb6 {[%clk 1:06:25]} 31. Rc2
{[%clk 0:28:38]} Rb8 {[%clk 1:00:32]} 32. Nd7 {[%clk 0:23:25]} Rb5
{[%clk 0:58:13]} 33. Nc5 {[%clk 0:21:58]} Ra5 {[%clk 0:57:37]} 34. Bxd5
{[%clk 0:14:43]} exd5 {[%clk 0:57:40]} 35. a4 {[%clk 0:14:33]} Kf7
{[%clk 0:56:37]} 36. Rb2 {[%clk 0:14:19]} Kf6 {[%clk 0:54:53]} 37. Rb4
{[%clk 0:14:28]} Bc4 {[%clk 0:54:55]} 38. f3 {[%clk 0:14:02]} g5 {[%clk 0:54:40]}
39. h3 {[%clk 0:13:37]} h5 {[%clk 0:52:09]} 40. Kf2 {[%clk 0:12:14]} Kg6
{[%clk 0:51:52]} 41. Rb8 {[%clk 0:12:20]} Kf7 {[%clk 0:51:18]} 42. Rb4
{[%clk 0:09:32]} Kf6 {[%clk 0:51:28]} 43. e4 {[%clk 0:09:37]} fxe4
{[%clk 0:50:43]} 44. fxe4 {[%clk 0:09:54]} Ba2 {[%clk 0:50:07]} 45. e5+
{[%clk 0:09:53]} Ke7 {[%clk 0:50:16]} 46. Ke3 {[%clk 0:09:12]} Bc4
{[%clk 0:49:30]} 47. h4 {[%clk 0:09:09]} gxh4 {[%clk 0:49:22]} 48. gxh4
{[%clk 0:09:31]} Ba2 {[%clk 0:49:24]} 49. Kf4 {[%clk 0:09:46]} Kf7
{[%clk 0:49:28]} 50. Kg5 {[%clk 0:09:57]} Kg7 {[%clk 0:49:19]} 51. Kxh5
{[%clk 0:09:57]} Bc4 {[%clk 0:49:24]} 52. Kg5 {[%clk 0:10:11]} Kh7
{[%clk 0:49:21]} 53. e6  1-0

[Event "European Senior Team Championship 2021"]
[Site "Don Giovanni hotel, Vinohradska 2733, Prague, Czech Republic"]
[Date "2021.09.05"]
[Round "7"]
[Board "1"]
[White "Vaisser, Anatoly"]
[Black "Gruenfeld, Yehuda"]
[Result "1/2-1/2"]
[WhiteElo "2496"]
[BlackElo "2397"]
[PlyCount "0"]
[EventDate "2021.08.30"]
[EventType "team"]
[EventRounds "9"]
[EventCountry "ECX"]
[WhiteTeam "FRANCE"]
[BlackTeam "ISRAEL 1"]

1. d4 {[%clk 1:30:54]} Nf6 {[%clk 1:30:57]} 2. c4 {[%clk 1:31:06]} e6
{[%clk 1:31:20]} 3. Nc3 {[%clk 1:31:08]} Bb4 {[%clk 1:31:26]} 4. e3
{[%clk 1:31:17]} O-O {[%clk 1:31:42]} 5. Bd3 {[%clk 1:31:33]} d5 {[%clk 1:31:15]}
6. Nf3 {[%clk 1:30:56]} b6 {[%clk 1:28:31]} 7. O-O {[%clk 1:29:46]} Bb7
{[%clk 1:28:55]} 8. cxd5 {[%clk 1:29:46]} exd5 {[%clk 1:29:22]} 9. Ne5
{[%clk 1:29:38]} c5 {[%clk 1:24:15]} 10. Ne2 {[%clk 1:23:46]} cxd4
{[%clk 1:09:52]} 11. exd4 {[%clk 1:23:46]} Nc6 {[%clk 1:09:45]} 12. Bg5
{[%clk 1:19:47]} Bd6 {[%clk 1:04:02]} 13. f4 {[%clk 1:18:25]} Be7
{[%clk 0:59:31]} 14. Bxf6 {[%clk 1:01:10]} Bxf6 {[%clk 0:59:26]} 15. Nxc6
{[%clk 0:59:22]} Bxc6 {[%clk 0:59:52]} 16. Qc2 {[%clk 0:57:44]} Rc8
{[%clk 1:00:10]} 17. Bxh7+ {[%clk 0:57:48]} Kh8 {[%clk 1:00:36]} 18. Bf5
{[%clk 0:54:06]} Bd7 {[%clk 1:00:42]} 19. Qd3 {[%clk 0:54:23]} Bxf5
{[%clk 1:01:02]} 20. Qxf5 {[%clk 0:54:42]} g6 {[%clk 1:01:09]} 21. Qd3
{[%clk 0:53:06]} Kg7 {[%clk 0:59:47]} 22. Rac1 {[%clk 0:49:31]} Qd6
{[%clk 0:59:21]} 23. f5 {[%clk 0:33:44]} Rxc1 {[%clk 0:54:26]} 24. Rxc1
{[%clk 0:30:03]} Re8 {[%clk 0:53:48]} 25. fxg6 {[%clk 0:29:27]} fxg6
{[%clk 0:54:10]} 26. Rf1 {[%clk 0:22:09]} Re4 {[%clk 0:50:55]} 27. Qf3
{[%clk 0:17:54]} Qe7 {[%clk 0:46:48]} 28. Nf4 {[%clk 0:17:06]} Bxd4+
{[%clk 0:46:21]} 29. Kh1 {[%clk 0:17:25]} Re1 {[%clk 0:45:49]} 30. Nxd5
{[%clk 0:16:16]} Rxf1+ {[%clk 0:45:06]} 31. Qxf1 {[%clk 0:16:43]} Qe5
{[%clk 0:44:49]} 32. Nc3 {[%clk 0:15:20]}  1/2-1/2

[Event "European Senior Team Championship 2021"]
[Site "Don Giovanni hotel, Vinohradska 2733, Prague, Czech Republic"]
[Date "2021.09.05"]
[Round "7"]
[Board "2"]
[White "Birnboim, Nathan"]
[Black "Sharif, Mehrshad"]
[Result "1/2-1/2"]
[WhiteElo "2375"]
[BlackElo "2335"]
[PlyCount "0"]
[EventDate "2021.08.30"]
[EventType "team"]
[EventRounds "9"]
[EventCountry "ECX"]
[WhiteTeam "ISRAEL 1"]
[BlackTeam "FRANCE"]

1. e4 {[%clk 1:30:54]} e6 {[%clk 1:30:47]} 2. d4 {[%clk 1:31:17]} d5
{[%clk 1:31:09]} 3. Nc3 {[%clk 1:31:40]} Nf6 {[%clk 1:30:56]} 4. e5
{[%clk 1:31:59]} Nfd7 {[%clk 1:31:04]} 5. f4 {[%clk 1:32:05]} c5 {[%clk 1:30:55]}
6. Nf3 {[%clk 1:32:22]} Be7 {[%clk 1:31:02]} 7. Be3 {[%clk 1:30:26]} a6
{[%clk 1:29:15]} 8. Qd2 {[%clk 1:22:16]} O-O {[%clk 1:29:16]} 9. Bd3
{[%clk 1:12:48]} b6 {[%clk 1:11:10]} 10. O-O {[%clk 1:06:19]} Nc6
{[%clk 1:10:58]} 11. Nd1 {[%clk 1:03:27]} f5 {[%clk 1:10:12]} 12. exf6
{[%clk 0:58:11]} Nxf6 {[%clk 1:07:23]} 13. Nf2 {[%clk 0:57:40]} Bd7 14. c3
{[%clk 0:55:19]} Na5 {[%clk 1:00:54]} 15. Qe2 {[%clk 0:54:13]} Bd6
{[%clk 0:52:07]} 16. Rae1 {[%clk 0:53:00]} cxd4 {[%clk 0:47:39]} 17. Bxd4
{[%clk 0:48:32]} Bxf4 {[%clk 0:45:32]} 18. Bxa6 {[%clk 0:48:35]} Nc6
{[%clk 0:43:03]} 19. Bb5 {[%clk 0:35:23]} Nxd4 {[%clk 0:38:07]} 20. cxd4
{[%clk 0:35:14]} Rxa2 {[%clk 0:36:49]} 21. Bxd7 {[%clk 0:35:26]} Qxd7
{[%clk 0:35:54]} 22. Qxe6+ {[%clk 0:35:02]} Qxe6 {[%clk 0:35:54]} 23. Rxe6
{[%clk 0:35:19]} Ne4 {[%clk 0:32:52]} 24. Nxe4 {[%clk 0:24:02]} dxe4
{[%clk 0:33:06]} 25. Rxe4 {[%clk 0:24:11]} Rxb2 {[%clk 0:32:55]}  1/2-1/2

[Event "European Senior Team Championship 2021"]
[Site "Don Giovanni hotel, Vinohradska 2733, Prague, Czech Republic"]
[Date "2021.09.05"]
[Round "7"]
[Board "3"]
[White "Giffard, Nicolas"]
[Black "Berkovich, Mark A"]
[Result "1/2-1/2"]
[WhiteElo "2247"]
[BlackElo "2323"]
[PlyCount "0"]
[EventDate "2021.08.30"]
[EventType "team"]
[EventRounds "9"]
[EventCountry "ECX"]
[WhiteTeam "FRANCE"]
[BlackTeam "ISRAEL 1"]

1. d4 {[%clk 1:30:54]} Nf6 {[%clk 1:30:47]} 2. c4 {[%clk 1:31:11]} e6
{[%clk 1:31:05]} 3. Nf3 {[%clk 1:31:28]} d5 {[%clk 1:30:58]} 4. Nc3
{[%clk 1:31:30]} Bb4 {[%clk 1:31:19]} 5. Qa4+ {[%clk 1:31:45]} Nc6
{[%clk 1:31:41]} 6. a3 {[%clk 1:32:07]} Bxc3+ {[%clk 1:28:32]} 7. bxc3
{[%clk 1:32:14]} Bd7 {[%clk 1:25:28]} 8. cxd5 {[%clk 1:31:57]} exd5
{[%clk 1:23:38]} 9. e3 {[%clk 1:32:05]} O-O {[%clk 1:22:54]} 10. Qc2
{[%clk 1:31:58]} Na5 {[%clk 1:21:13]} 11. a4 {[%clk 1:26:33]} Re8
{[%clk 1:20:56]} 12. Bd3 {[%clk 1:23:19]} c5 {[%clk 1:20:22]} 13. dxc5
{[%clk 1:22:19]} Qc7 {[%clk 1:20:06]} 14. c4 {[%clk 1:09:45]} dxc4
{[%clk 1:17:11]} 15. Bxc4 {[%clk 1:09:49]} Nxc4 {[%clk 1:17:35]} 16. Qxc4
{[%clk 1:10:10]} Bc6 {[%clk 1:14:59]} 17. Bb2 {[%clk 1:07:42]} Re4
{[%clk 1:13:39]} 18. Qc2 {[%clk 0:58:30]} Rg4 {[%clk 1:08:51]} 19. Bxf6
{[%clk 0:48:42]} gxf6 {[%clk 1:08:57]} 20. Qf5 {[%clk 0:36:00]} Rxg2
{[%clk 1:05:40]} 21. Kf1 {[%clk 0:31:14]} Rg6 {[%clk 0:59:14]} 22. Rg1
{[%clk 0:30:52]} Re8 {[%clk 0:57:04]} 23. Rg3 {[%clk 0:25:19]} Be4
{[%clk 0:47:27]} 24. Qh5 {[%clk 0:23:17]} Kg7 {[%clk 0:31:36]} 25. Rc1
{[%clk 0:20:31]} Qc6 {[%clk 0:27:14]} 26. Nh4 {[%clk 0:17:24]} Rxg3
{[%clk 0:21:11]} 27. hxg3 Qxa4 28. Qg4+ Kf8 29. Qf4  1/2-1/2

[Event "European Senior Team Championship 2021"]
[Site "Don Giovanni hotel, Vinohradska 2733, Prague, Czech Republic"]
[Date "2021.09.05"]
[Round "7"]
[Board "4"]
[White "Kagan, Shimon"]
[Black "Boudre, Jean-Pierre"]
[Result "1/2-1/2"]
[WhiteElo "2292"]
[BlackElo "2263"]
[PlyCount "0"]
[EventDate "2021.08.30"]
[EventType "team"]
[EventRounds "9"]
[EventCountry "ECX"]
[WhiteTeam "ISRAEL 1"]
[BlackTeam "FRANCE"]

1. e4 {[%clk 1:29:34]} Nf6 {[%clk 1:30:49]} 2. e5 {[%clk 1:29:48]} Nd5
{[%clk 1:31:14]} 3. d4 {[%clk 1:29:56]} d6 {[%clk 1:31:38]} 4. Nf3
{[%clk 1:29:57]} dxe5 {[%clk 1:32:02]} 5. Nxe5 {[%clk 1:26:29]} c6
{[%clk 1:32:24]} 6. c3 {[%clk 1:20:51]} Nd7 {[%clk 1:26:39]} 7. Nxd7
{[%clk 1:20:00]} Bxd7 {[%clk 1:25:04]} 8. Nd2 {[%clk 1:18:01]} g6
{[%clk 1:19:16]} 9. Ne4 {[%clk 1:15:13]} Bg7 {[%clk 1:15:41]} 10. Bd3
{[%clk 1:15:20]} Qc7 {[%clk 1:10:00]} 11. O-O {[%clk 1:12:44]} O-O
{[%clk 1:10:07]} 12. Nc5 {[%clk 1:06:49]} Rad8 {[%clk 0:53:15]} 13. Nxd7
{[%clk 1:05:14]} Rxd7 {[%clk 0:53:28]} 14. Qf3 {[%clk 1:03:24]} e5
{[%clk 0:45:53]} 15. dxe5 {[%clk 1:03:11]} Bxe5 {[%clk 0:46:19]} 16. g3
{[%clk 1:02:21]} Bg7 {[%clk 0:39:50]} 17. Re1 {[%clk 0:55:28]} Qd8
{[%clk 0:34:18]} 18. Bc4 {[%clk 0:51:14]} Re8 {[%clk 0:34:33]} 19. Rxe8+
{[%clk 0:45:58]} Qxe8 {[%clk 0:34:55]} 20. Bg5 {[%clk 0:43:33]} h6
{[%clk 0:33:44]} 21. Bf4 {[%clk 0:36:50]} Nxf4 {[%clk 0:21:09]} 22. Qxf4
{[%clk 0:35:25]} h5 {[%clk 0:21:29]} 23. Kf1 {[%clk 0:32:31]} Qe5
{[%clk 0:21:39]} 24. Qxe5 {[%clk 0:32:11]}  1/2-1/2

[Event "European Senior Team Championship 2021"]
[Site "Don Giovanni hotel, Vinohradska 2733, Prague, Czech Republic"]
[Date "2021.09.05"]
[Round "7"]
[Board "1"]
[White "Jansa, Vlastimil"]
[Black "Knaak, Rainer"]
[Result "1/2-1/2"]
[WhiteElo "2420"]
[BlackElo "2476"]
[PlyCount "0"]
[EventDate "2021.08.30"]
[EventType "team"]
[EventRounds "9"]
[EventCountry "ECX"]
[WhiteTeam "LYSA NAD LABEM - 100 LET"]
[BlackTeam "LASKER SCHACHSTIFTUNG GK"]

1. e4 {[%clk 1:30:56]} e5 {[%clk 1:30:42]} 2. Nf3 {[%clk 1:31:06]} Nc6
{[%clk 1:31:05]} 3. Bb5 {[%clk 1:31:10]} g6 {[%clk 1:31:01]} 4. c3
{[%clk 1:31:04]} a6 {[%clk 1:31:04]} 5. Ba4 {[%clk 1:29:40]} d6 {[%clk 1:31:13]}
6. d4 {[%clk 1:28:49]} Bd7 {[%clk 1:31:26]} 7. O-O {[%clk 1:28:26]} Bg7
{[%clk 1:31:47]} 8. Re1 {[%clk 1:27:04]} Nf6 {[%clk 1:31:02]} 9. dxe5
{[%clk 1:19:35]} Nxe5 {[%clk 1:26:40]} 10. Nxe5 {[%clk 1:18:26]} dxe5
{[%clk 1:26:37]} 11. Bxd7+ {[%clk 1:18:37]} Qxd7 {[%clk 1:22:46]} 12. Qf3
{[%clk 1:17:52]} O-O-O {[%clk 0:59:07]} 13. Bg5 {[%clk 1:13:51]} Qd3
{[%clk 0:56:23]} 14. Nd2 {[%clk 1:12:43]} Rd6 {[%clk 0:44:59]} 15. Qxd3
{[%clk 1:07:12]} Rxd3 {[%clk 0:45:24]} 16. Nc4 {[%clk 1:06:08]} Nd7
{[%clk 0:43:08]} 17. Rad1 {[%clk 1:04:26]} Rxd1 {[%clk 0:38:40]} 18. Rxd1
{[%clk 1:03:42]} Nc5 {[%clk 0:38:31]} 19. f3 {[%clk 1:03:07]} Ne6
{[%clk 0:37:52]} 20. Bh4 {[%clk 0:59:18]} f6 {[%clk 0:28:36]} 21. Ne3
{[%clk 0:54:43]} c6 {[%clk 0:17:17]} 22. Kf1 {[%clk 0:30:54]}  1/2-1/2

[Event "European Senior Team Championship 2021"]
[Site "Don Giovanni hotel, Vinohradska 2733, Prague, Czech Republic"]
[Date "2021.09.05"]
[Round "7"]
[Board "2"]
[White "Kalinitschew, Sergey"]
[Black "Meduna, Eduard"]
[Result "1-0"]
[WhiteElo "2434"]
[BlackElo "2352"]
[PlyCount "0"]
[EventDate "2021.08.30"]
[EventType "team"]
[EventRounds "9"]
[EventCountry "ECX"]
[WhiteTeam "LASKER SCHACHSTIFTUNG GK"]
[BlackTeam "LYSA NAD LABEM - 100 LET"]

1. e4 {[%clk 1:28:37]} c6 {[%clk 1:30:22]} 2. d4 {[%clk 1:28:46]} d5
{[%clk 1:30:42]} 3. e5 {[%clk 1:29:10]} Bf5 {[%clk 1:30:43]} 4. h4
{[%clk 1:29:29]} h5 {[%clk 1:30:44]} 5. c4 {[%clk 1:29:44]} e6 {[%clk 1:30:51]}
6. Nc3 {[%clk 1:30:07]} Nd7 {[%clk 1:30:09]} 7. cxd5 {[%clk 1:27:24]} cxd5
{[%clk 1:29:25]} 8. Nf3 {[%clk 1:26:29]} Ne7 {[%clk 1:28:34]} 9. Bg5
{[%clk 1:26:52]} Qb6 {[%clk 1:28:49]} 10. Be2 {[%clk 1:17:47]} Nc6
{[%clk 1:28:40]} 11. O-O {[%clk 1:17:42]} Qxb2 {[%clk 1:23:19]} 12. Nb5
{[%clk 1:07:45]} Rc8 {[%clk 1:22:02]} 13. Bd3 {[%clk 1:08:08]} Bxd3
{[%clk 1:11:50]} 14. Qxd3 {[%clk 1:07:38]} Nb4 {[%clk 1:12:13]} 15. Qe3
{[%clk 1:06:29]} Nc2 {[%clk 1:03:59]} 16. Qe2 {[%clk 1:06:17]} Qb4
{[%clk 1:04:06]} 17. Rfc1 {[%clk 0:49:32]} Qc4 {[%clk 1:02:25]} 18. Qxc4
{[%clk 0:49:52]} Rxc4 {[%clk 1:02:37]} 19. Nd2 {[%clk 0:50:09]} Rc6
{[%clk 1:01:20]} 20. Nxa7 {[%clk 0:50:27]} Rc7 {[%clk 0:58:52]} 21. Rab1
{[%clk 0:47:37]} f6 {[%clk 0:59:00]} 22. Rb2 {[%clk 0:42:55]} fxg5
{[%clk 0:56:26]} 23. hxg5 Be7 {[%clk 0:45:14]} 24. Nf3 {[%clk 0:34:26]} Rc4
{[%clk 0:33:10]} 25. Rcxc2 {[%clk 0:31:59]} Bd8 {[%clk 0:23:28]} 26. Nb5
{[%clk 0:31:31]} O-O {[%clk 0:22:46]} 27. Nd6 {[%clk 0:31:24]} Rxc2
{[%clk 0:18:47]} 28. Rxc2 {[%clk 0:31:32]} b6 {[%clk 0:18:54]} 29. g6
{[%clk 0:27:10]} b5 {[%clk 0:18:00]} 30. Nxb5 {[%clk 0:26:40]} Ba5
{[%clk 0:18:22]} 31. Ng5 {[%clk 0:26:11]}  1-0

[Event "European Senior Team Championship 2021"]
[Site "Don Giovanni hotel, Vinohradska 2733, Prague, Czech Republic"]
[Date "2021.09.05"]
[Round "7"]
[Board "3"]
[White "Hausner, Ivan"]
[Black "Meister, Jakob"]
[Result "1/2-1/2"]
[WhiteElo "2336"]
[BlackElo "2416"]
[PlyCount "0"]
[EventDate "2021.08.30"]
[EventType "team"]
[EventRounds "9"]
[EventCountry "ECX"]
[WhiteTeam "LYSA NAD LABEM - 100 LET"]
[BlackTeam "LASKER SCHACHSTIFTUNG GK"]

1. d4 {[%clk 1:30:59]} Nf6 {[%clk 1:30:41]} 2. c4 {[%clk 1:31:24]} e6
{[%clk 1:30:44]} 3. g3 {[%clk 1:31:49]} c5 {[%clk 1:30:57]} 4. Nf3
{[%clk 1:31:20]} cxd4 {[%clk 1:29:47]} 5. Nxd4 {[%clk 1:31:43]} d5
{[%clk 1:29:51]} 6. Bg2 {[%clk 1:32:02]} e5 {[%clk 1:29:06]} 7. Nf3
{[%clk 1:32:26]} d4 {[%clk 1:28:28]} 8. O-O {[%clk 1:32:47]} Nc6 {[%clk 1:28:56]}
9. e3 {[%clk 1:33:11]} Be7 {[%clk 1:28:13]} 10. exd4 {[%clk 1:33:33]} exd4
{[%clk 1:28:36]} 11. Bf4 {[%clk 1:33:57]} O-O {[%clk 1:27:07]} 12. Ne5
{[%clk 1:34:19]} Nxe5 {[%clk 1:25:33]} 13. Bxe5 {[%clk 1:34:43]} Bc5
{[%clk 1:25:49]} 14. Nd2 {[%clk 1:34:48]} Re8 {[%clk 1:21:25]} 15. Bxf6
{[%clk 1:34:54]} Qxf6 {[%clk 1:21:41]} 16. Nb3 {[%clk 1:34:44]} Qb6
{[%clk 1:20:46]} 17. Qh5 {[%clk 1:31:45]} Bf8 {[%clk 1:17:07]} 18. Rad1
{[%clk 1:29:36]} g6 {[%clk 1:14:30]} 19. Qb5 {[%clk 1:27:27]} Qxb5
{[%clk 1:10:40]}  1/2-1/2

[Event "European Senior Team Championship 2021"]
[Site "Don Giovanni hotel, Vinohradska 2733, Prague, Czech Republic"]
[Date "2021.09.05"]
[Round "7"]
[Board "4"]
[White "Koehler, Gerhard"]
[Black "Neckar, Lubomir"]
[Result "1/2-1/2"]
[WhiteElo "2183"]
[BlackElo "2274"]
[PlyCount "0"]
[EventDate "2021.08.30"]
[EventType "team"]
[EventRounds "9"]
[EventCountry "ECX"]
[WhiteTeam "LASKER SCHACHSTIFTUNG GK"]
[BlackTeam "LYSA NAD LABEM - 100 LET"]

1. c4 {[%clk 1:30:57]} e6 {[%clk 1:30:55]} 2. g3 {[%clk 1:31:22]} d5
{[%clk 1:31:13]} 3. Bg2 {[%clk 1:31:44]} Nf6 {[%clk 1:31:28]} 4. Nf3
{[%clk 1:32:00]} Be7 {[%clk 1:31:38]} 5. O-O {[%clk 1:32:13]} O-O
{[%clk 1:31:50]} 6. b3 {[%clk 1:32:22]} c5 {[%clk 1:30:10]} 7. Bb2
{[%clk 1:31:54]} Nc6 {[%clk 1:30:10]} 8. cxd5 {[%clk 1:30:56]} Nxd5
{[%clk 1:29:54]} 9. Na3 {[%clk 1:30:14]} b6 {[%clk 1:28:42]} 10. Nc4
{[%clk 1:28:34]} Ba6 {[%clk 1:05:31]} 11. Rc1 {[%clk 1:20:48]} Rc8
{[%clk 1:05:36]} 12. Qc2 {[%clk 1:15:15]} Bf6 {[%clk 0:58:05]} 13. Rfe1
{[%clk 1:07:52]} Bxb2 {[%clk 0:51:20]} 14. Qxb2 {[%clk 1:07:42]} Qe7
{[%clk 0:48:12]} 15. d3 {[%clk 1:02:40]} Rfd8 {[%clk 0:44:22]} 16. Red1
{[%clk 0:56:01]} Bb7 {[%clk 0:42:32]} 17. d4 {[%clk 0:37:51]} b5 {[%clk 0:20:10]}
 1/2-1/2

[Event "European Senior Team Championship 2021"]
[Site "Don Giovanni hotel, Vinohradska 2733, Prague, Czech Republic"]
[Date "2021.09.05"]
[Round "7"]
[Board "1"]
[White "Farago, Ivan"]
[Black "Kolbak, Jens"]
[Result "1/2-1/2"]
[WhiteElo "2323"]
[BlackElo "2169"]
[PlyCount "0"]
[EventDate "2021.08.30"]
[EventType "team"]
[EventRounds "9"]
[EventCountry "ECX"]
[WhiteTeam "HUNGARY"]
[BlackTeam "SK 2012"]

1. d4 {[%clk 1:30:55]} Nf6 {[%clk 1:30:46]} 2. c4 {[%clk 1:31:16]} c6
{[%clk 1:30:54]} 3. Nc3 {[%clk 1:30:29]} d5 {[%clk 1:31:13]} 4. Nf3
{[%clk 1:30:10]} e6 {[%clk 1:31:17]} 5. e3 {[%clk 1:30:11]} a6 {[%clk 1:30:52]}
6. b3 {[%clk 1:29:09]} Nbd7 {[%clk 1:30:41]} 7. Bd3 {[%clk 1:28:20]} Bd6
{[%clk 1:30:07]} 8. O-O {[%clk 1:28:11]} O-O {[%clk 1:30:30]} 9. Qc2
{[%clk 1:23:23]} e5 {[%clk 1:20:50]} 10. cxd5 {[%clk 1:23:14]} cxd5
{[%clk 1:20:41]} 11. e4 {[%clk 1:20:07]} dxe4 {[%clk 1:12:31]} 12. Nxe4
{[%clk 1:20:10]} Nxe4 {[%clk 1:12:55]} 13. Bxe4 {[%clk 1:20:25]} h6
{[%clk 1:13:10]} 14. Bb2 {[%clk 1:13:49]} exd4 {[%clk 1:04:59]} 15. Bh7+
{[%clk 1:08:46]} Kh8 {[%clk 1:05:22]} 16. Bxd4 {[%clk 1:08:59]} Nf6
{[%clk 1:03:54]} 17. Bf5 {[%clk 1:08:42]} Qa5 {[%clk 0:59:18]} 18. Nh4
{[%clk 0:59:23]} Be5 {[%clk 0:55:18]} 19. Bxc8 {[%clk 0:50:51]} Bxd4
{[%clk 0:43:14]} 20. Bxb7 {[%clk 0:50:33]} Rab8 {[%clk 0:40:14]} 21. Rad1
{[%clk 0:50:42]} Bxf2+ {[%clk 0:39:59]} 22. Qxf2 {[%clk 0:49:53]} Rxb7
{[%clk 0:40:24]} 23. Nf5 {[%clk 0:49:08]} Ne4 {[%clk 0:36:00]} 24. Qf3
{[%clk 0:33:17]} Qb6+ {[%clk 0:34:08]} 25. Kh1 {[%clk 0:32:51]} Ng5
{[%clk 0:33:27]} 26. Qc3 {[%clk 0:32:28]} f6 {[%clk 0:32:50]} 27. Nh4
{[%clk 0:24:32]} Re8 {[%clk 0:32:02]} 28. Ng6+ {[%clk 0:24:06]} Kg8
{[%clk 0:30:30]} 29. Qc4+ {[%clk 0:21:30]} Kh7 {[%clk 0:26:11]} 30. Nf4
{[%clk 0:21:33]} Qb5 {[%clk 0:24:55]} 31. Qc2+ {[%clk 0:21:28]} Kg8
{[%clk 0:24:14]} 32. Qg6 {[%clk 0:20:58]} Nh7 {[%clk 0:14:49]} 33. Nd5
{[%clk 0:16:34]} Kh8 {[%clk 0:13:18]} 34. h3 {[%clk 0:12:32]} Nf8
{[%clk 0:12:37]} 35. Qg3 {[%clk 0:12:42]} Rd7 {[%clk 0:11:43]} 36. Nc7
{[%clk 0:11:30]} Rxd1 {[%clk 0:09:18]} 37. Rxd1 {[%clk 0:11:51]} Qe2
{[%clk 0:09:07]} 38. Qd3 {[%clk 0:11:29]} Re3 {[%clk 0:06:59]} 39. Qxe2
{[%clk 0:11:32]} Rxe2 {[%clk 0:07:23]} 40. Rd8 {[%clk 0:11:44]} Kg8
{[%clk 0:07:41]} 41. Ra8 {[%clk 0:12:04]} Kf7 {[%clk 0:07:29]} 42. Rxa6
{[%clk 0:07:31]} Ng6 {[%clk 0:07:25]} 43. Ra4 {[%clk 0:04:47]} Ne5
{[%clk 0:07:45]} 44. b4 {[%clk 0:03:44]} Rc2 {[%clk 0:05:12]} 45. Nd5
{[%clk 0:03:12]} Ke6 {[%clk 0:05:07]} 46. Ne3 {[%clk 0:03:16]} Re2
{[%clk 0:03:42]} 47. Ra6+ {[%clk 0:03:12]} Kd7 {[%clk 0:03:47]} 48. Nf5
{[%clk 0:03:13]} g6 {[%clk 0:03:04]} 49. Nxh6 {[%clk 0:01:44]} f5
{[%clk 0:02:58]} 50. a3 {[%clk 0:25:08]} Rb2 {[%clk 0:31:13]} 51. Ra7+
{[%clk 0:24:54]} Ke6 {[%clk 0:31:05]} 52. Ra6+ {[%clk 0:24:39]} Kd5
{[%clk 0:31:14]} 53. Ng8 {[%clk 0:24:08]} Ke4 {[%clk 0:30:33]} 54. Rd6
{[%clk 0:22:37]} Kf4 {[%clk 0:28:29]} 55. Rd1 {[%clk 0:21:40]} Kg3
{[%clk 0:27:34]} 56. Re1 {[%clk 0:21:36]} Nf3 {[%clk 0:26:50]} 57. gxf3
{[%clk 0:21:17]} Rh2+ {[%clk 0:27:14]} 58. Kg1 {[%clk 0:21:42]}  1/2-1/2

[Event "European Senior Team Championship 2021"]
[Site "Don Giovanni hotel, Vinohradska 2733, Prague, Czech Republic"]
[Date "2021.09.05"]
[Round "7"]
[Board "2"]
[White "Holst, Per"]
[Black "Hardicsay, Peter"]
[Result "1/2-1/2"]
[WhiteElo "2097"]
[BlackElo "2185"]
[PlyCount "0"]
[EventDate "2021.08.30"]
[EventType "team"]
[EventRounds "9"]
[EventCountry "ECX"]
[WhiteTeam "SK 2012"]
[BlackTeam "HUNGARY"]

1. c4 {[%clk 1:30:54]} e5 {[%clk 1:29:52]} 2. Nc3 {[%clk 1:31:15]} Nf6
{[%clk 1:29:38]} 3. Nf3 {[%clk 1:31:38]} Nc6 {[%clk 1:29:08]} 4. e3
{[%clk 1:32:00]} d5 {[%clk 1:18:11]} 5. cxd5 {[%clk 1:32:17]} Nxd5
{[%clk 1:18:34]} 6. Bb5 {[%clk 1:32:38]} Nxc3 {[%clk 1:18:53]} 7. bxc3
{[%clk 1:32:23]} Bd6 {[%clk 1:08:22]} 8. e4 {[%clk 1:28:42]} O-O {[%clk 1:02:19]}
9. O-O {[%clk 1:27:13]} Bg4 {[%clk 0:49:17]} 10. h3 {[%clk 1:25:30]} Bh5
{[%clk 0:48:50]} 11. Re1 {[%clk 1:24:54]} h6 {[%clk 0:40:48]} 12. d4
{[%clk 1:21:45]} Qe7 {[%clk 0:33:03]} 13. g4 {[%clk 1:10:31]} Bg6
{[%clk 0:33:27]} 14. d5 {[%clk 1:10:52]} Nb8 {[%clk 0:32:14]} 15. c4
{[%clk 1:07:20]} c6 {[%clk 0:28:45]} 16. Ba4 {[%clk 1:06:10]} Rc8
{[%clk 0:28:28]} 17. h4 {[%clk 0:59:09]} Nd7 {[%clk 0:19:10]} 18. h5
{[%clk 0:56:30]} Bh7 {[%clk 0:19:29]} 19. g5 {[%clk 0:56:49]} hxg5
{[%clk 0:16:05]} 20. Nxg5 {[%clk 0:56:14]} Nf6 {[%clk 0:15:58]} 21. Kg2
{[%clk 0:53:37]} b5 {[%clk 0:11:11]} 22. cxb5 {[%clk 0:38:31]}  1/2-1/2